Normal view
MARC view
- Burnett, Lonnie A.
Entry Personal Name
001 - CONTROL NUMBER
- control field: 254274
003 - CONTROL NUMBER IDENTIFIER
- control field: KE-NaSUL
005 - DATE AND TIME OF LATEST TRANSACTION
- control field: 20250827011052.0
008 - FIXED-LENGTH DATA ELEMENTS
- fixed length control field: 250827|| aca||aabn | a|a d
040 ## - CATALOGING SOURCE
- Original cataloging agency: KE-NaSUL
- Transcribing agency: KE-NaSUL
100 ## - HEADING--PERSONAL NAME
- Personal name: Burnett, Lonnie A.
- Fuller form of name: (Lonnie Alexander),
- Dates associated with a name: 1958-
670 ## - SOURCE DATA FOUND
- Source citation: Work cat.: (KE-NaSUL)249295: Hotze, Henry, 1833-1887. 254267, Henry Hotze, Confederate propagandist, c2008.